Κουίζ Πολλαπλής Επιλογής Πόλης – Μάντσεστερ - Statistics

General Stats
  • This quiz has been taken 10 times
  • The average score is 5 of 10
Answer Stats
Question Answer % Correct
Το Μάντσεστερ χαρακτηρίζεται ως η γενέτειρα του/της... Βιομηχανικής Επανάστασης
75%
Ποιο γήπεδο είναι η έδρα της Μάντσεστερ Γιουνάιτεντ; Όλντ Τράφορντ
75%
Ποιος από αυτούς τους παίκτες ΔΕΝ έπαιξε και στη Γιουνάιτεντ και στη Σίτι; Ντέιβιντ Μπέκαμ
63%
Ποιανού η συναυλία βομβαρδίστηκε από τρομοκράτη του ISIS το 2017; Ariana Grande
63%
Ποιο απο αυτά τα συγκροτήματα προέρχεται από το Μάντσεστερ; Oasis
50%
Με ποια πόλη έλαβε το Μάντσεστερ την πρώτη του σιδηροδρομική σύνδεση; Λίβερπουλ
38%
Λόγω ύπαρξης αυτής της βιομηχανίας, ποιο προάστιο της Αθήνας ονομάστηκε «Ελληνικό Μάντσεστερ»; Νέα Ιωνία
38%
Ποια διάσημη στο διαδίκτυο εφημερίδα ιδρύθηκε στο Μάντσεστερ το 1821; The Guardian
38%
Για ποια βιομηχανία ήταν γνωστό το Μάντσεστερ τον 19ο αιώνα; Υφαντουργία
25%
Ποια επιστημονική πρόοδο έκανε ο Έρνεστ Ράδερφορντ στο Πανεπιστήμιο του Μάντσεστερ το 1917; Διάσπαση του ατόμου
13%
No matching quizzes found
Score Distribution
Percent of People with Each Score
Percentile by Number Answered
Your Score History
You have not taken this quiz